Party Walls: the importance of serving notice (Record no. 66808)

MARC details
000 -LEADER
fixed length control field 00984cam a2200217 4500
001 - CONTROL NUMBER
control field ABS63790
008 - FIXED-LENGTH DATA ELEMENTS--GENERAL INFORMATION
fixed length control field 000000n2001 000 0 eng u
035 ## - SYSTEM CONTROL NUMBER
System control number (Sirsi) u112172
100 ## - MAIN ENTRY--PERSONAL NAME
Personal name Silver, R.
245 ## - TITLE STATEMENT
Title Party Walls: the importance of serving notice
260 ## - PUBLICATION, DISTRIBUTION, ETC.
Date of publication, distribution, etc. 2001
490 ## - SERIES STATEMENT
Series statement CSM
-- Chartered Surveyor Monthly
Volume/sequential designation 4 April 2001, 34(1)
520 ## - SUMMARY, ETC.
Summary, etc. Discusses the benefits of the Party Wall Act 1996 which applies to property owners who wish to make alterations to their premises. Argues the act can be of much assistance to building owners but only if they stand by the requirements of the act. For example in "Louis v Sadiq" building works were undertaken on a terraced house without serving the correct notice which resulted in costly damages being awarded.
590 ## - LOCAL NOTE (RLIN)
Local note ABS
650 ## - SUBJECT ADDED ENTRY--TOPICAL TERM
Topical term or geographic name entry element PARTY WALL ACT 1996
650 ## - SUBJECT ADDED ENTRY--TOPICAL TERM
Topical term or geographic name entry element BUILDING CONTROL
9 (RLIN) 6222
650 ## - SUBJECT ADDED ENTRY--TOPICAL TERM
Topical term or geographic name entry element LOUIS V SADIQ
650 ## - SUBJECT ADDED ENTRY--TOPICAL TERM
Topical term or geographic name entry element LEHMANN V HERMANN
690 ## - LOCAL SUBJECT ADDED ENTRY--TOPICAL TERM (OCLC, RLIN)
Topical term or geographic name as entry element Boundary disputes
9 (RLIN) 6221
942 ## - ADDED ENTRY ELEMENTS (KOHA)
Suppress in OPAC 0
Holdings
Withdrawn status Lost status Source of classification or shelving scheme Damaged status Not for loan Home library Current library Shelving location Date acquired Total Checkouts Full call number Barcode Date last seen Copy number Price effective from Koha item type
    Dewey Decimal Classification     London London Journal article 25/04/2001   ABS63790 112172-1001 06/08/2019 1 06/08/2019 Journal article